Salah faham terhadap konsep wali, karamah & kasyaf

Bibliographic Details
Main Author: Basri B. Ibrahim Al-Azhari
Corporate Author: Title
Format: Book
Published: Kuala Lumpur : Al-Hidayah Publishers , 2003
Subjects:

MARC

LEADER 00000cam a2200000 7i4500
001 0000013542
005 20080117.0
008 080117
020 |a 9830994848 
090 0 0 |a 297.4   |b BAS 
100 0 |a Basri B. Ibrahim Al-Azhari 
245 1 0 |a Salah faham terhadap konsep wali, karamah & kasyaf   |c Basri B. Ibrahim Al-Azhari 
260 |a Kuala Lumpur :   |b Al-Hidayah Publishers ,   |c 2003 
650 0 |a Miracle (Islam) 
650 0 |a Muslim saints 
710 0 |a Title 
740 0 |a Salah faham terhadap konsep wali, karamah dan kasyaf 
999 |a 0001005228   |b Book   |c Adult Collection   |e Perbadanan Perpustakaan Awam Johor 
999 |a 0001005229   |b Book   |c Adult Collection   |e Perbadanan Perpustakaan Awam Johor 
999 |a 0001005230   |b Book   |c Adult Collection   |e Perbadanan Perpustakaan Awam Johor